| 000 | 00368nam a22001217a 4500 | ||
|---|---|---|---|
| 008 | 230728b |||||||| |||| 00| 0 eng d | ||
| 040 |
_aNational Science Library _cNational Science Library |
||
| 245 | _aTransactions of the society of rheology | ||
| 260 |
_aNew York: _bInterscience Publishers, _c1965 |
||
| 300 | _a426p. | ||
| 500 | _aVol. 9 Part 2 | ||
| 942 |
_2udc _cREF |
||
| 999 |
_c55868 _d55868 |
||